00262nam a22000977a 4500003000500000038001200005082001500017245003700032260007900069300001600148NUST amsohail a625.8bAAS aGuidlines on Pavement Management aWashingtonbAmerican Association of State Highway and Transportationc1914 a09,p:c23cm